| 000 | 01167nam0a22002771 4500 | ||
|---|---|---|---|
| 001 | rc\4682805 | ||
| 005 | 20250612152242.0 | ||
| 021 |
_aRU _b[64-24029] |
||
| 035 | _a(NLR Aleph) 008708908 | ||
| 090 |
_a9345686 _c9345686 |
||
| 100 | _a20130416d1964 |||y0rusy50 ca | ||
| 101 | 0 | _arus | |
| 102 | _aRU | ||
| 105 | _aa z ||||| | ||
| 200 | 1 |
_aПути увеличения межосмотрового периода для троллейбуса _e(В порядке обмена опытом работы) _fНауч.-техн. о-во гор. хозяйства и автомоб. транспорта. Ленингр. обл. правл. |
|
| 210 |
_a[Ленинград] _cБ. и. _d1964 |
||
| 215 |
_a79 с., 1 л. черт. _cил. _d22 |
||
| 300 | _aСост. указан на обороте тит. л. | ||
| 606 |
_aТроллейбусы _xМодернизация _2psbo |
||
| 700 | 1 |
_4220 _aПопов _bВ. А. _cгос. служащий _f1908-2005 _gВасилий Алексеевич _9254114 _3RU\NLR\AUTH\770254170 |
|
| 801 | 0 |
_aRU _bNLR _gpsbo |
|
| 801 | 1 |
_aRU _bELAR _2rusmarc |
|
| 852 |
_aNLR _j64-6/4158 |
||
| 942 | _cBOOK | ||
| 980 | _aNB | ||